[Event "North County CC op 197th"]
[Site "San Diego"]
[Date "2005.09.16"]
[Round "1"]
[White "Sullivan, Greg"]
[Black "Hawks, Joe"]
[Result "1-0"]
[WhiteElo "1816"]
[BlackElo "1338"]
[PlyCount "101"]
[EventDate "2005.09.16"]
[EventType "swiss"]
[EventRounds "5"]
[EventCountry "USA"]
[SourceTitle "EXT 2009"]
[Source "ChessBase"]
[SourceDate "2008.11.26"]
[SourceVersion "1"]
[SourceVersionDate "2008.11.26"]
[SourceQuality "1"]

1. d4 Nf6 2. c4 e6 3. Nc3 Bb4 4. Bd2 c5 5. e3 d6 6. Nf3 Nbd7 7. Be2 0-0 8. 0-0 b6 9. a3 Bxc3 10. Bxc3 Bb7 11. b3 Ne4 12. Bb2 Qc7 13. Rc1 a6 14. Qc2 d5 15. cxd5 Bxd5 16. dxc5 Qxc5 17. b4 Qxc2 18. Rxc2 Rfc8 19. Rxc8+ Rxc8 20. Bxa6 Rc2 21. Bd4 Bc4 22. Bxc4 Rxc4 23. g3 b5 24. Ne5 Nxe5 25. Bxe5 f6 26. Bb2 Kf7 27. f3 Nd6 28. Rd1 Ke7 29. Bd4 Nf5 30. Bc5+ Kf7 31. e4 Nxg3 32. hxg3 Rc3 33. Kf2 Rxa3 34. g4 g5 35. Rd7+ Kg6 36. Rb7 h5 37. gxh5+ Kxh5 38. Rxb5 f5 39. Be7 Ra7 40. Bc5 Ra4 41. Ra5 Rxb4 42. Bxb4 Kg6 43. exf5+ exf5 44. Kg3 Kf6 45. Bc3+ Ke6 46. Re5+ Kf6 47. Rb5+ Kg6 48. Rb6+ Kh5 49. Bg7 g4 50. Rh6+ Kg5 51. f4# 1-0

[Event "North County CC op 196th"]
[Site "San Diego"]
[Date "2005.08.26"]
[Round "4"]
[White "Hawks, Joe"]
[Black "Ross, Michael"]
[Result "1-0"]
[WhiteElo "1338"]
[BlackElo "1446"]
[PlyCount "81"]
[EventDate "2005.08.05"]
[EventType "swiss"]
[EventRounds "5"]
[EventCountry "USA"]
[SourceTitle "EXT 2009"]
[Source "ChessBase"]
[SourceDate "2008.11.26"]
[SourceVersion "1"]
[SourceVersionDate "2008.11.26"]
[SourceQuality "1"]

1. d4 c6 2. e4 d5 3. Nc3 dxe4 4. Nxe4 Bf5 5. Ng3 Bg6 6. c4 Nf6 7. Nf3 e6 8. Ne5 Bb4+ 9. Bd2 Qxd4 10. Nxg6 Bxd2+ 11. Qxd2 Qxd2+ 12. Kxd2 fxg6 13. f3 c5 14. Kc2 Nc6 15. Rd1 0-0 16. h4 Rad8 17. Be2 h6 18. Kb1 Rxd1+ 19. Rxd1 Rd8 20. Rd3 Rxd3 21. Bxd3 Kf7 22. Be4 Nxe4 23. Nxe4 b6 24. a4 Ke7 25. Kc2 e5 26. Kc3 a5 27. b3 Nd4 28. Nd2 Ke6 29. Nf1 Kf5 30. Ne3+ Kf4 31. Nd5+ Kg3 32. Nxb6 Kxg2 33. Nd7 Nxf3 34. Nxc5 Nd4 35. b4 axb4+ 36. Kxb4 Nc6+ 37. Kb5 Nd4+ 38. Kb6 Kf3 39. a5 e4 40. Nxe4 Kxe4 41. a6 1-0

[Event "North County CC op 195th"]
[Site "San Diego"]
[Date "2005.07.08"]
[Round "3"]
[White "Hawks, Joe"]
[Black "Ross, Michael"]
[Result "1-0"]
[WhiteElo "1314"]
[BlackElo "1481"]
[PlyCount "59"]
[EventDate "2005.06.24"]
[EventType "swiss"]
[EventRounds "5"]
[EventCountry "USA"]
[SourceTitle "EXT 2009"]
[Source "ChessBase"]
[SourceDate "2008.11.26"]
[SourceVersion "1"]
[SourceVersionDate "2008.11.26"]
[SourceQuality "1"]

1. d4 d5 2. c4 c6 3. Nf3 Nf6 4. e3 Bg4 5. Be2 e6 6. 0-0 Bd6 7. c5 Bc7 8. a4 a5 9. Nc3 b6 10. h3 Bh5 11. Nd2 Bg6 12. Nb3 bxc5 13. Nxc5 Qd6 14. g3 Ra7 15. Bf3 h5 16. h4 Bf5 17. e4 dxe4 18. Bf4 Qd8 19. Bxc7 Qxc7 20. N3xe4 Ng4 21. Rc1 g5 22. Nxg5 Ne3 23. Qe2 Nxf1 24. Kxf1 Ke7 25. Bxh5 Rf8 26. Bf3 Nd7 27. Qc4 Qd6 28. Nxd7 Qxd7 29. Qc5+ Qd6 30. Qxa7+ 1-0

[Event "North County CC op 192nd"]
[Site "San Diego"]
[Date "2005.04.01"]
[Round "4"]
[White "Hawks, Joe"]
[Black "Ross, Michael"]
[Result "0-1"]
[WhiteElo "1306"]
[BlackElo "1389"]
[PlyCount "130"]
[EventDate "2005.03.04"]
[EventType "swiss"]
[EventRounds "5"]
[EventCountry "USA"]
[SourceTitle "EXT 2009"]
[Source "ChessBase"]
[SourceDate "2008.11.26"]
[SourceVersion "1"]
[SourceVersionDate "2008.11.26"]
[SourceQuality "1"]

1. d4 e6 2. c4 g6 3. e4 Bg7 4. Nf3 d6 5. Nc3 b6 6. Be2 c5 7. Be3 Nc6 8. a3 Bb7 9. d5 Ne5 10. Qc2 Ne7 11. 0-0 0-0 12. Rac1 exd5 13. cxd5 f5 14. Ng5 Bc8 15. f4 Nf7 16. Nxf7 Rxf7 17. Bc4 fxe4 18. Qxe4 Nf5 19. Bd2 Re7 20. Qd3 Nd4 21. Rce1 Bf5 22. Qg3 Qd7 23. Rxe7 Qxe7 24. Re1 Qd7 25. Bd3 Re8 26. Bxf5 Nxf5 27. Qf3 Rxe1+ 28. Bxe1 Qe8 29. Bf2 a6 30. b3 Bxc3 31. Qxc3 Qe4 32. Qe1 Qxe1+ 33. Bxe1 b5 34. Bf2 Kf7 35. g4 Ne7 36. Bg3 Nxd5 37. f5 gxf5 38. gxf5 c4 39. bxc4 bxc4 40. Bxd6 Kf6 41. Kf2 Kxf5 42. Ke2 Ke4 43. Kd2 h5 44. Bc5 Nf6 45. Kc3 Kd5 46. Bb4 Ne4+ 47. Kc2 Nf2 48. Kc3 Ng4 49. h3 Nf2 50. h4 Nh3 51. a4 Nf4 52. Be7 Ne2+ 53. Kd2 Nd4 54. Kc3 Nf5 55. Bg5 Ng3 56. Bd8 Ne4+ 57. Kc2 c3 58. Ba5 Kc4 59. Bxc3 Nxc3 60. Kb2 Nxa4+ 61. Ka3 Kb5 62. Kb3 a5 63. Ka3 Nc5 64. Kb2 Nd3+ 65. Kb3 Ne5 0-1

[Event "North County CC op 191st"]
[Site "San Diego"]
[Date "2005.02.11"]
[Round "3"]
[White "Hawks, Joe"]
[Black "Boyd, James"]
[Result "0-1"]
[WhiteElo "1306"]
[BlackElo "1766"]
[PlyCount "110"]
[EventDate "2005.01.28"]
[EventType "swiss"]
[EventRounds "5"]
[EventCountry "USA"]
[SourceTitle "EXT 2009"]
[Source "ChessBase"]
[SourceDate "2008.11.26"]
[SourceVersion "1"]
[SourceVersionDate "2008.11.26"]
[SourceQuality "1"]

1. d4 Nf6 2. c4 g6 3. Nf3 Bg7 4. Nc3 c6 5. e4 d6 6. h3 0-0 7. Bd3 Nbd7 8. 0-0 e5 9. Be3 Nh5 10. Qd2 exd4 11. Bxd4 Ne5 12. Bxe5 dxe5 13. Rfd1 Nf4 14. Bf1 Qe7 15. Qc2 Be6 16. b3 g5 17. Nh2 h5 18. Ne2 Rad8 19. Nxf4 exf4 20. Rxd8 Qxd8 21. Rd1 Qf6 22. Be2 Qg6 23. f3 c5 24. Qd2 Bd4+ 25. Kh1 Rd8 26. Qa5 Ra8 27. Qc7 Bc8 28. b4 b6 29. a4 Qf6 30. b5 Be5 31. Rd8+ Kg7 32. Qc6 Qxd8 33. Qxa8 Qc7 34. Qd5 Bb7 35. Qd2 Bd4 36. g4 h4 37. Bd3 Qe5 38. Qe1 Bc8 39. Kg2 Be6 40. Nf1 Bc3 41. Qd1 Qd4 42. Qe2 Bb4 43. Qc2 Bd7 44. Kh2 a6 45. bxa6 Bxa4 46. Qe2 Bc6 47. e5 Qa1 48. e6 Kf8 49. e7+ Ke8 50. Be4 Bxe4 51. Qxe4 Qxa6 52. Qc6+ Kxe7 53. Qc7+ Kf6 54. Qd6+ Kg7 55. Qe5+ Kg6 0-1

[Event "North County CC op 186th"]
[Site "San Diego"]
[Date "2004.08.06"]
[Round "4"]
[White "Boyd, James"]
[Black "Hawks, Joe"]
[Result "1-0"]
[WhiteElo "1721"]
[BlackElo "1471"]
[PlyCount "129"]
[EventDate "2004.07.16"]
[EventType "swiss"]
[EventRounds "5"]
[EventCountry "USA"]
[SourceTitle "EXT 2009"]
[Source "ChessBase"]
[SourceDate "2008.11.26"]
[SourceVersion "1"]
[SourceVersionDate "2008.11.26"]
[SourceQuality "1"]

1. e4 c5 2. Nf3 d6 3. d4 cxd4 4. Qxd4 Nc6 5. Bb5 Bd7 6. Bxc6 Bxc6 7. Nc3 Nf6 8. Bg5 e6 9. Bxf6 Qxf6 10. Qxf6 gxf6 11. Nd4 Bd7 12. Rd1 a6 13. 0-0 Bg7 14. f4 Ke7 15. f5 b5 16. a3 h5 17. Rd3 Rad8 18. Rfd1 Bh6 19. b3 Bf4 20. Nce2 Be5 21. c3 Rc8 22. fxe6 fxe6 23. Nf3 Rc6 24. Nxe5 fxe5 25. Rf1 Rf8 26. Rxf8 Kxf8 27. Rh3 Be8 28. Kf2 Rc7 29. Rg3 a5 30. Ke1 Ra7 31. Kd2 a4 32. b4 Rc7 33. Rg5 Rg7 34. Rg3 Rxg3 35. Nxg3 Kg7 36. h4 Kh6 37. Kd3 Kg6 38. c4 Bc6 39. c5 dxc5 40. bxc5 Kh6 41. Kc3 Kg6 42. Kd3 Kh6 43. Nf1 Kg6 44. Nd2 Kf6 45. Kc3 Kg6 46. Kb4 Kf6 47. Ka5 Ke7 48. Kb6 Kd7 49. g3 b4 50. axb4 a3 51. b5 Bxe4 52. Nxe4 a2 53. c6+ Ke7 54. c7 a1Q 55. c8Q Qd4+ 56. Qc5+ Qxc5+ 57. Nxc5 Kf6 58. Ne4+ Kf5 59. Nf2 e4 60. Kc5 e3 61. Nd3 Ke4 62. Ne1 e2 63. b6 Ke3 64. b7 Kf2 65. Nc2 1-0

[Event "North County CC op 183rd"]
[Site "San Diego"]
[Date "2004.03.13"]
[Round "1"]
[White "Hawks, Joe"]
[Black "Sullivan, Greg"]
[Result "0-1"]
[WhiteElo "1408"]
[BlackElo "1803"]
[PlyCount "86"]
[EventDate "2004.03.12"]
[EventType "swiss"]
[EventRounds "5"]
[EventCountry "USA"]
[SourceTitle "EXT 2009"]
[Source "ChessBase"]
[SourceDate "2008.11.26"]
[SourceVersion "1"]
[SourceVersionDate "2008.11.26"]
[SourceQuality "1"]

1. e4 c5 2. Nf3 d6 3. Bc4 e6 4. d3 Nc6 5. Nc3 Nf6 6. 0-0 Be7 7. Be3 a6 8. a4 0-0 9. Qd2 Ng4 10. Rfe1 Nxe3 11. Qxe3 Bf6 12. Qd2 Ne5 13. Bb3 Nxf3+ 14. gxf3 g6 15. Kf1 Bd7 16. Ke2 Bc6 17. Rh1 b5 18. Rag1 Bg7 19. h4 h5 20. Qg5 bxa4 21. Bxa4 Bxa4 22. Nxa4 Qxg5 23. Rxg5 Rab8 24. b3 Rfc8 25. Kd2 Bh6 26. f4 Bxg5 27. fxg5 Kg7 28. f4 Rb4 29. Nb2 d5 30. Re1 dxe4 31. dxe4 Rd8+ 32. Nd3 Rb5 33. Ra1 Rd6 34. Kc3 Kf8 35. Ra4 Ke7 36. Rc4 Rc6 37. Ne5 Rc7 38. Kd3 Ra5 39. Kc3 Ra1 40. Nd3 Kd6 41. Ne5 Rh1 42. Ra4 Ra7 43. f5 Kxe5 0-1

[Event "North County CC op 182nd"]
[Site "San Diego"]
[Date "2004.02.13"]
[Round "2"]
[White "Hawks, Joe"]
[Black "Sullivan, Greg"]
[Result "0-1"]
[WhiteElo "1408"]
[BlackElo "1803"]
[PlyCount "80"]
[EventDate "2004.02.06"]
[EventType "swiss"]
[EventRounds "5"]
[EventCountry "USA"]
[SourceTitle "EXT 2009"]
[Source "ChessBase"]
[SourceDate "2008.11.26"]
[SourceVersion "1"]
[SourceVersionDate "2008.11.26"]
[SourceQuality "1"]

1. d4 Nf6 2. c4 e6 3. Nc3 d5 4. Bg5 Nbd7 5. Nf3 Be7 6. e3 c6 7. cxd5 exd5 8. Bd3 0-0 9. Qc2 h6 10. Bf4 Re8 11. 0-0-0 a5 12. Ne5 Nxe5 13. Bxe5 b5 14. h3 a4 15. g4 a3 16. b3 Nd7 17. Bg6 Nxe5 18. dxe5 fxg6 19. Qxg6 Bb7 20. Ne2 Rf8 21. Nf4 Qe8 22. Qe6+ Qf7 23. Qd7 Bg5 24. e6 Qxd7 25. exd7 Bxf4 26. exf4 Rad8 27. f5 Rxd7 28. Rhe1 Kf7 29. f4 Re8 30. h4 Rxe1 31. Rxe1 Re7 32. Kd1 Rxe1+ 33. Kxe1 b4 34. g5 Bc8 35. Kf2 Bxf5 36. Ke3 c5 37. Kd2 Bb1 38. Kc1 Bxa2 39. Kc2 hxg5 40. hxg5 Kg6 0-1